000 01680nam a22004217a 4500
001 000010873
003 CHAP
005 20220817041312.0
008 971013s1983 r 00010 d
010 _a10791
011 _a11763
035 _a11069
040 _cCHAP
082 0 4 _a634.928
_bM44
100 0 0 _aMendoza Briseño, Martín Alfonso.
_974610
245 1 0 _aConceptos básicos de manejo foerstal.
260 _aChapingo, Méx. :
_bUACH. Departamento de Bosques,
_c1983.
300 _a118 p. :
_b; gráfs.
490 1 _aColección cuadernos universitarios. Serie Agronomía
_v; 9
590 _aBATCH-UPD
_b10
_c20130110
_lUCH01
_h0900
590 _aBATCH-UPD
_b10
_c20130410
_lUCH01
_h0529
590 _aBATCH-UPD
_b10
_c20130914
_lUCH01
_h0701
590 _aCONVERSION
_b10
_c20130109
_lUCH01
_h1307
590 _aE5995AHE
_b05
_c20150325
_lUCH01
_h1403
650 1 4 _aBosques
_xAdministración.
_914003
830 0 _aColección cuadernos universitarios Serie agronomía
_v; 9
901 _aBK
942 _cLIBRO
942 _n0
949 _a634.928 M4
_bZA
_cLIBRO
_d-23134
_eLIBRO
_i11069
_si
949 _a634.928 M44
_bBC
_cLIBRO
_d33724000246237
_eLIBRO
_fc.4
_h61316
_i11069
_si
949 _a634.928 M44
_bBC
_cLIBRO
_d33724000246245
_eLIBRO
_fc.5
_h61317
_i11069
_si
949 _a634.928 M44
_bBC
_cLIBRO
_d33724000246260
_eLIBRO
_fc.7
_h63183
_i11069
_si
949 _a634.928 M44
_bBC
_cLIBRO
_d33724002054306
_eLIBRO
_fc.3
_h61316
_i11069
_si
949 _a634.928 M44
_bBC
_cLIBRO
_d33724002054347
_eLIBRO
_fc.2
_h61314
_i11069
_si
949 _a634.928 M44
_bBC
_cLIBRO
_d33724002054389
_eLIBRO
_h61313
_i11069
_si
949 _a634.928 M44
_bBC
_cUACH
_d33724000246252
_eUACH
_fc.6
_h61318
_i11069
_si
999 _c10791
_d10791